000 00677nam a2200277Ia 4500
005 20260324141306.0
008 008 260324s9999 xx 000 0 eng d
020 _a9780429069734
037 _aEBOOK
040 _aCRL
040 _beng
040 _cCRL
041 _2eng
041 _aeng
084 _qCRL
100 _aRichard J. Mitchell; John J. Pippenger
_91207643
245 0 _aFluid Power Maintenance Basics and Troubleshooting
260 _bTaylor and Francis
260 _c1997
365 _a
365 _b560
856 _uhttp://www.taylorfrancis.com/books/9780429069734
942 _cEBOOK
999 _c1810574
_d1810574